Effectif Eleven All Stars - Statistiques

Statistiques générales
  • Ce quiz a été pris 92 fois
  • Le résultat moyen est 13 sur 23
Statistiques - réponses
Indice Réponse % Correct
Amine
92%
Inoxtag
88%
Michou
88%
Billy
79%
Pfut
77%
Djilsi
73%
Coach Kameto
67%
Yannou
63%
Zack Nani
61%
Carlito
60%
Sacha
60%
Tonton
57%
Boumé
55%
YassEncore
52%
Domingo
49%
Bruce Grannec
49%
Alonz
48%
LeBouseuh
45%
Arsène/AF5
35%
Rivenzi
35%
Brawks
31%
Coach Piedcarré
24%
Bibi
23%
Aucun quiz correspondant
Distribution des résultats
% des personnes avec chaque résultat
Percentile par nombre de réponses
Votre historique - résultats
Vous n’avez pas pris ce quiz